NATO Countries - Statistics

General Stats
  • This quiz has been taken 41 times
  • The average score is 31 of 32
Answers on the Map
Answers color-coded by a green-red scale on the quiz's map according to % correct below.
 
Answer Stats
Joined Country % Correct
Founder Canada
100%
Founder Denmark
100%
2023 Finland
100%
Founder France
100%
1955 Germany
100%
Founder Italy
100%
Founder Norway
100%
Founder Portugal
100%
1982 Spain
100%
2024 Sweden
100%
Founder United Kingdom
100%
Founder United States
100%
Founder Belgium
97%
2004 Bulgaria
97%
2009 Croatia
97%
1952 Greece
97%
Founder Iceland
97%
Founder Netherlands
97%
1999 Poland
97%
2004 Romania
97%
1952 Turkey
97%
2009 Albania
94%
2004 Estonia
94%
2004 Latvia
94%
2004 Lithuania
94%
2004 Slovakia
94%
2004 Slovenia
94%
1999 Czech Republic
91%
Founder Luxembourg
91%
1999 Hungary
88%
2017 Montenegro
79%
2020 North Macedonia
79%
No matching quizzes found
Score Distribution
Percent of People with Each Score
Percentile by Number Answered
Your Score History
You have not taken this quiz